[Event "POL-chT3 Mazowiecki"]
[Site "Warsaw"]
[Date "2011.01.09"]
[Round "1.52"]
[White "Marks, Zofia"]
[Black "Kowalska, Elzbieta"]
[Result "1/2-1/2"]
[WhiteElo "1982"]
[BlackElo "1925"]
[PlyCount "90"]
[EventDate "2011.01.09"]
[EventType "team-tourn"]
[EventRounds "10"]
[EventCountry "POL"]
[SourceTitle "OM OTB B 201907"]
[Source "Opening Master"]
[SourceDate "2019.07.06"]
[SourceVersion "2"]
[SourceVersionDate "2019.07.06"]
[SourceQuality "1"]

1. e4 c5 2. Nf3 Nc6 3. d4 cxd4 4. Nxd4 Nf6 5. Nc3 d6 6. Be2 e5 7. Nb3 a5 8. a4
Be7 9. Be3 O-O 10. O-O Nb4 11. f3 d5 12. exd5 Nfxd5 13. Nxd5 Nxd5 14. Bf2 b6
15. Re1 Be6 16. Bc4 Bf6 17. Bxd5 Bxd5 18. Kh1 Rb8 19. Bg3 Re8 20. Nd2 Rb7 21.
Ra3 Rd7 22. Rd3 Bc6 23. Ne4 Bxa4 24. Nxf6+ gxf6 25. Rxd7 Qxd7 26. Qxd7 Bxd7 27.
Rd1 Bf5 28. c3 Re6 29. Rd5 Rc6 30. Bf2 a4 31. Be3 Kg7 32. Bd2 Be6 33. Rd8 Rc5
34. Be3 Rb5 35. Rd2 Rb3 36. h3 f5 37. f4 e4 38. Kg1 Kg6 39. Kf2 h5 40. Bd4 a3
41. bxa3 Rxa3 42. Rb2 Rb3 43. Rxb3 Bxb3 44. Bxb6 Kf6 45. Bc7 Ke6 1/2-1/2

[Event "Perényi Béla Évadnyitó nyílt"]
[Site "Budapest"]
[Date "2011.01.07"]
[Round "1.24"]
[White "Hajdu, Roland"]
[Black "Mester, Attila"]
[Result "0-1"]
[WhiteElo "2115"]
[BlackElo "1833"]
[PlyCount "80"]
[EventDate "2011.01.07"]
[EventRounds "9"]
[EventCountry "HUN"]
[SourceTitle "OM OTB B 201907"]
[Source "Opening Master"]
[SourceDate "2019.07.06"]
[SourceVersion "2"]
[SourceVersionDate "2019.07.06"]
[SourceQuality "1"]

1. e4 c5 2. Nf3 Nc6 3. d4 cxd4 4. Nxd4 Nf6 5. Nc3 d6 6. Be2 e5 7. Nf3 h6 8. O-O
Be7 9. Be3 O-O 10. h3 a6 11. a3 Be6 12. Nh2 Rc8 13. f4 exf4 14. Rxf4 Ne5 15.
Nd5 Bxd5 16. exd5 Nfd7 17. Nf3 Qc7 18. Rc1 Bf6 19. Nxe5 Bxe5 20. Rc4 Qb8 21. c3
Rce8 22. Qd2 Re7 23. Bd3 f5 24. Rf1 Ref7 25. a4 Qd8 26. Rb4 Nc5 27. Bc2 a5 28.
Rb5 Ne4 29. Bxe4 fxe4 30. Rxf7 Rxf7 31. Qe1 h5 32. Bb6 Qf6 33. Be3 Qg6 34. Rxa5
Bg3 35. Ra8+ Kh7 36. Qe2 Rf5 37. Ra5 Qf7 38. Bd4 Rf1+ 39. Qxf1 Bh2+ 40. Kxh2
Qxf1 0-1

[Event "Staufer op 23rd"]
[Site "Leinzell"]
[Date "2011.01.04"]
[Round "6"]
[White "Pappenheim, Rainer"]
[Black "Minor, Samuel"]
[Result "1/2-1/2"]
[WhiteElo "2090"]
[BlackElo "2188"]
[PlyCount "39"]
[EventDate "2011.01.02"]
[EventType "swiss"]
[EventRounds "9"]
[EventCountry "GER"]
[SourceTitle "OM OTB B 201907"]
[Source "Opening Master"]
[SourceDate "2019.07.06"]
[SourceVersion "2"]
[SourceVersionDate "2019.07.06"]
[SourceQuality "1"]

1. e4 c5 2. Nf3 d6 3. d4 cxd4 4. Nxd4 Nf6 5. Nc3 Nc6 6. Be2 e5 7. Nf3 h6 8. O-O
Be6 9. Be3 a6 10. Nd5 Bxd5 11. exd5 Ne7 12. c4 g6 13. Qb3 Qd7 14. c5 e4 15.
cxd6 exf3 16. dxe7 fxe2 17. exf8=Q+ Kxf8 18. Rfe1 Qxd5 19. Qb4+ Kg7 20. Rxe2
1/2-1/2

[Event "Ho Chi Minh City HD Bank op 1st"]
[Site "Ho Chi Minh City"]
[Date "2011.01.04"]
[Round "2"]
[White "Nguyen, Thanh Nghia"]
[Black "Xiu, Deshun"]
[Result "0-1"]
[WhiteElo "2207"]
[BlackElo "2508"]
[PlyCount "52"]
[EventDate "2011.01.04"]
[EventType "swiss"]
[EventRounds "9"]
[EventCountry "VIE"]
[SourceTitle "OM OTB B 201907"]
[Source "Opening Master"]
[SourceDate "2019.07.06"]
[SourceVersion "2"]
[SourceVersionDate "2019.07.06"]
[SourceQuality "1"]

1. e4 c5 2. Nf3 d6 3. d4 cxd4 4. Nxd4 Nf6 5. Nc3 Nc6 6. Be2 e5 7. Nb3 Be7 8.
O-O O-O 9. Kh1 a5 10. a4 Nb4 11. f4 Be6 12. Bf3 Qb6 13. Nb5 Bc4 14. Be2 Bxb3
15. cxb3 Nxe4 16. Bf3 Nf2+ 17. Rxf2 Qxf2 18. Bd2 Nd3 19. Bc3 Qe3 20. Qd2 Qxd2
21. Bxd2 e4 22. Be2 Nc5 23. Bc4 d5 24. Bxd5 Rfd8 25. Nc7 Rac8 26. Bxa5 Rxc7 0-1

[Event "OP-01362"]
[Site "LSS"]
[Date "2011.01.03"]
[Round "?"]
[White "Vontina, Maria"]
[Black "Shim Ng Min, Francis"]
[Result "0-1"]
[WhiteElo "835"]
[BlackElo "1722"]
[PlyCount "70"]
[EventDate "2010.12.31"]
[SourceTitle "LSS to Dec2020"]
[Source "LSS ed TH"]
[SourceDate "2021.01.12"]
[SourceVersion "3"]
[SourceVersionDate "2021.01.12"]
[SourceQuality "1"]

1. e4 c5 2. Nf3 Nc6 3. d4 cxd4 4. Nxd4 Nf6 5. Nc3 d6 6. Be2 e5 7. Nb3 Be7 8.
O-O O-O 9. Bg5 Nxe4 10. Bxe7 Nxc3 11. Bxd8 Nxd1 12. Bc7 Nxb2 13. Bxd6 Re8 14.
Rfe1 Be6 15. Rab1 Nc4 16. Bc5 b6 17. Bxc4 Bxc4 18. Be3 f5 19. Bc1 e4 20. Bf4
Rad8 21. Rbd1 Rxd1 22. Rxd1 Rd8 23. Rxd8+ Nxd8 24. f3 exf3 25. gxf3 Nc6 26. Kf2
Nb4 27. Bb8 a5 28. Bc7 a4 29. Nc1 b5 30. Ba5 Nxc2 31. Bc3 b4 32. Be5 Kf7 33. f4
g6 34. Bb2 Ke6 35. Ne2 Bxa2 0-1

[Event "FICS rated standard game"]
[Site "FICS freechess.org"]
[Date "2011.01.03"]
[Round "?"]
[White "tentacle"]
[Black "PossesifChess"]
[Result "1-0"]
[WhiteElo "2293"]
[BlackElo "2242"]
[PlyCount "53"]
[EventDate "2011.??.??"]

1. e4 c5 2. Nf3 Nc6 3. d4 cxd4 4. Nxd4 Nf6 5. Nc3 d6 6. Be2 e5 7. Nf3 h6 8. O-O
Be7 9. Bc4 O-O 10. Be3 Be6 11. Bb3 Qa5 12. Qe2 d5 13. exd5 Nxd5 14. Bd2 Nc7 15.
Nd5 Qa6 16. Bc4 Qa4 17. b3 Qa3 18. Nxc7 Bxc4 19. bxc4 Rad8 20. Nd5 Bd6 21. Rfd1
f5 22. Bc3 e4 23. Nh4 Ne7 24. Qh5 Rf7 25. Be1 f4 26. c5 Bxc5 27. Nf6+ 1-0

[Event "Wroclaw WSB GM"]
[Site "Wroclaw"]
[Date "2011.01.02"]
[Round "8"]
[White "Butkiewicz, Lukasz"]
[Black "Baryshpolets, Andrey"]
[Result "1/2-1/2"]
[WhiteElo "2369"]
[BlackElo "2474"]
[PlyCount "45"]
[EventDate "2010.12.27"]
[EventType "tourn"]
[EventRounds "9"]
[EventCountry "POL"]
[EventCategory "8"]
[SourceTitle "OM OTB B 201907"]
[Source "Opening Master"]
[SourceDate "2019.07.06"]
[SourceVersion "2"]
[SourceVersionDate "2019.07.06"]
[SourceQuality "1"]

1. e4 c5 2. Nf3 d6 3. d4 cxd4 4. Nxd4 Nf6 5. Nc3 Nc6 6. Be2 e5 7. Nf3 h6 8. O-O
Be7 9. Re1 O-O 10. h3 Be6 11. Bf1 Nb8 12. b3 a6 13. a4 Nbd7 14. Bb2 Rc8 15. Nd2
Qc7 16. a5 Qc6 17. Nc4 Rfe8 18. Qd2 Rcd8 19. Rad1 Nc5 20. f3 Nh5 21. Qf2 Nf4
22. Ne3 Nd7 23. g3 1/2-1/2

[Event "Novokuznetsk-ch"]
[Site "Novokuznetsk"]
[Date "2011.??.??"]
[Round "9"]
[White "Khramtsov, Anatoliy"]
[Black "Epifantsev, Igor"]
[Result "1-0"]
[WhiteElo "2303"]
[BlackElo "2257"]
[PlyCount "117"]
[EventDate "2011.11.19"]
[EventType "swiss"]
[EventRounds "9"]
[EventCountry "RUS"]
[SourceTitle "OM OTB B 201907"]
[Source "Opening Master"]
[SourceDate "2019.07.06"]
[SourceVersion "2"]
[SourceVersionDate "2019.07.06"]
[SourceQuality "1"]

1. e4 c5 2. Nf3 Nc6 3. d4 cxd4 4. Nxd4 Nf6 5. Nc3 d6 6. Be2 e5 7. Nb3 Be7 8.
O-O O-O 9. Be3 a5 10. a4 Nb4 11. Bf3 Be6 12. Qe2 d5 13. exd5 Nbxd5 14. Nxd5
Bxd5 15. Bxd5 Qxd5 16. Bd2 b6 17. Bc3 Ne4 18. Bd2 Nxd2 19. Qxd2 Qxd2 20. Nxd2
Rac8 21. c3 Rfd8 22. Rfd1 f5 23. Kf1 Kf7 24. Ke2 Ke6 25. g3 e4 26. Rac1 Bf6 27.
Nb3 g5 28. Rxd8 Rxd8 29. Rd1 Rxd1 30. Kxd1 f4 31. g4 Kd5 32. h3 Be7 33. Ke2 Bd6
34. Nd2 Bc5 35. f3 exf3+ 36. Nxf3 h6 37. Kd3 Be3 38. b3 Bf2 39. Nd2 Bc5 40. Nc4
f3 41. Nd2 f2 42. Ke2 Ke5 43. Kf3 Kd5 44. Nf1 Ke5 45. Ng3 Bf8 46. Kxf2 Kf4 47.
Nh5+ Ke4 48. Ke2 Ba3 49. Nf6+ Kf4 50. Kf2 Bc5+ 51. Kg2 Ke3 52. b4 axb4 53. cxb4
Bd4 54. Nd7 Ke4 55. a5 bxa5 56. bxa5 Bc3 57. a6 Bd4 58. Nf6+ Kf4 59. Ng8 1-0

[Event "POL-chT U20"]
[Site "Ustron"]
[Date "2011.??.??"]
[Round "8.4"]
[White "Drop, Szymon"]
[Black "Kulas, Szymon"]
[Result "0-1"]
[WhiteElo "1612"]
[BlackElo "1945"]
[PlyCount "54"]
[EventDate "2011.06.24"]
[EventType "team-tourn"]
[EventRounds "9"]
[EventCountry "POL"]
[SourceTitle "OM OTB B 201907"]
[Source "Opening Master"]
[SourceDate "2019.07.06"]
[SourceVersion "2"]
[SourceVersionDate "2019.07.06"]
[SourceQuality "1"]

1. e4 c5 2. Nf3 Nc6 3. d4 cxd4 4. Nxd4 Nf6 5. Nc3 d6 6. Be2 e5 7. Nb3 Be7 8.
O-O O-O 9. f4 a5 10. a4 Nb4 11. Be3 Bd7 12. Bf3 Qc7 13. Rf2 Bc6 14. Rd2 b6 15.
Nd5 Bxd5 16. exd5 e4 17. Be2 Qb7 18. c4 Nd7 19. Nd4 Bf6 20. Nf5 Qc7 21. Bf1 Nc5
22. Qg4 Nb3 23. Rad1 Nxd2 24. Rxd2 Kh8 25. Bd4 Bxd4+ 26. Rxd4 g6 27. Qg5 f6 0-1

[Event "Rostov RUS, Open 2011"]
[Site "Rostov RUS"]
[Date "2011.??.??"]
[Round "4.5"]
[White "Petrov, Artur"]
[Black "Kulygin, Evgeniy"]
[Result "1/2-1/2"]
[WhiteElo "2393"]
[BlackElo "2118"]
[PlyCount "68"]
[EventDate "2011.10.20"]
[EventType "swiss"]
[EventRounds "9"]
[EventCountry "RUS"]

1. e4 c5 2. Nf3 d6 3. d4 cxd4 4. Nxd4 Nf6 5. Nc3 Nc6 6. Be2 e5 7. Nf3 h6 8. O-O
Be6 9. Re1 Be7 10. Bf1 Rc8 11. Nd5 O-O 12. h3 Nb8 13. c4 Nxd5 14. cxd5 Bd7 15.
Be3 b6 16. Qb3 Qc7 17. a4 Qb7 18. Qa3 Rfe8 19. a5 bxa5 20. Qxa5 a6 21. Bxa6
Nxa6 22. Qxa6 Qxb2 23. Reb1 Qc2 24. Rb7 Rc7 25. Rc1 Qa4 26. Qxa4 Rxc1+ 27. Bxc1
Bxa4 28. Be3 Bf8 29. Nd2 Rc8 30. Rb4 Bc2 31. Nc4 Bd3 32. Nb6 Rb8 33. f3 Be7 34.
Rb3 Bd8 1/2-1/2

[Event "Paris-ch blitz"]
[Site "Paris"]
[Date "2011.??.??"]
[Round "4"]
[White "Guliyev, Namig"]
[Black "Gharamian, Tigran"]
[Result "0-1"]
[WhiteElo "2507"]
[BlackElo "2658"]
[PlyCount "63"]
[EventDate "2011.01.30"]
[EventType "swiss (blitz)"]
[EventRounds "13"]
[EventCountry "FRA"]
[SourceTitle "OM OTB B 201907"]
[Source "Opening Master"]
[SourceDate "2019.07.06"]
[SourceVersion "2"]
[SourceVersionDate "2019.07.06"]
[SourceQuality "1"]

1. e4 c5 2. Nf3 d6 3. d4 cxd4 4. Nxd4 Nf6 5. Nc3 Nc6 6. Be2 e5 7. Nf3 h6 8. O-O
Be7 9. Re1 O-O 10. h3 a6 11. Bf1 Qc7 12. Be3 b5 13. a4 b4 14. Nd5 Nxd5 15. exd5
Na5 16. Bd2 Qc5 17. c3 Qxd5 18. cxb4 Nb3 19. Bc3 Be6 20. Qxd5 Bxd5 21. Rad1 Be6
22. b5 Nc5 23. a5 axb5 24. Bxb5 Rfb8 25. Bc6 Ra6 26. Bd5 Na4 27. Bd2 Rxb2 28.
Ra1 Nc5 29. Reb1 Rb3 30. Be1 Bd8 31. Nd2 Rc6 32. Ne4 0-1

[Event "Novokuznetsk-ch"]
[Site "Novokuznetsk"]
[Date "2011.??.??"]
[Round "4"]
[White "Turbin, Vladimir"]
[Black "Geyko, Roman"]
[Result "1-0"]
[WhiteElo "2109"]
[BlackElo "1937"]
[PlyCount "107"]
[EventDate "2011.11.19"]
[EventType "swiss"]
[EventRounds "9"]
[EventCountry "RUS"]
[SourceTitle "OM OTB B 201907"]
[Source "Opening Master"]
[SourceDate "2019.07.06"]
[SourceVersion "2"]
[SourceVersionDate "2019.07.06"]
[SourceQuality "1"]

1. e4 c5 2. Nf3 Nc6 3. d4 cxd4 4. Nxd4 Nf6 5. Nc3 d6 6. Be2 e5 7. Nf3 Be7 8. h3
O-O 9. O-O Be6 10. Bb5 Qc7 11. Re1 Rad8 12. Nd5 Bxd5 13. exd5 Nb4 14. c4 a6 15.
Ba4 Qxc4 16. Bb3 Qd3 17. a3 Qxd1 18. Rxd1 e4 19. Ne1 Nd3 20. Nxd3 exd3 21. Rxd3
Nd7 22. Bd1 Bf6 23. Rb1 Ne5 24. Rb3 b5 25. Be2 Rfe8 26. Kf1 Rc8 27. a4 bxa4 28.
Rb4 a5 29. Rxa4 Rc5 30. Bd2 Rxd5 31. Bxa5 Nc6 32. Be1 Nd4 33. Rd1 Rde5 34. Bd3
Nb3 35. Bc3 R5e6 36. Bc4 Nc5 37. Ra7 R6e7 38. Rxe7 Bxe7 39. b4 Ne6 40. Bd5 Rb8
41. Ra1 Nc7 42. Bc6 Kf8 43. Ra7 Ne6 44. Ra8 Rxa8 45. Bxa8 Ke8 46. Ke2 g6 47.
Kd3 Kd7 48. Kc4 Bd8 49. Bd2 h5 50. Be3 Nc7 51. Bd5 Ne6 52. b5 Kc7 53. b6+ Kd7
54. Kb5 1-0

[Event "POL-chT U20"]
[Site "Ustron"]
[Date "2011.??.??"]
[Round "3.16"]
[White "Drop, Szymon"]
[Black "Mirski, Michal"]
[Result "0-1"]
[WhiteElo "1612"]
[BlackElo "1787"]
[PlyCount "122"]
[EventDate "2011.06.24"]
[EventType "team-tourn"]
[EventRounds "9"]
[EventCountry "POL"]
[SourceTitle "OM OTB B 201907"]
[Source "Opening Master"]
[SourceDate "2019.07.06"]
[SourceVersion "2"]
[SourceVersionDate "2019.07.06"]
[SourceQuality "1"]

1. e4 c5 2. Nf3 d6 3. d4 cxd4 4. Nxd4 Nf6 5. Nc3 Nc6 6. Be2 e5 7. Nb3 Be7 8.
Be3 O-O 9. O-O a5 10. a4 Be6 11. f3 Nb4 12. Nb5 d5 13. c3 Nc6 14. exd5 Nxd5 15.
Bf2 Nf4 16. Nd2 Bf5 17. Ne4 Bxe4 18. fxe4 Qxd1 19. Bxd1 Nd3 20. Be2 Nxf2 21.
Kxf2 Bc5+ 22. Ke1 Rad8 23. Rd1 Rxd1+ 24. Bxd1 g6 25. g4 Kg7 26. Bb3 f6 27. Nc7
Nd8 28. Ne6+ Nxe6 29. Bxe6 Kh6 30. h4 Kg7 31. Ke2 Rd8 32. Bd5 b6 33. Rf3 Rd6
34. Rg3 Kh6 35. Rf3 Kg7 36. Rg3 Rd7 37. Rf3 Bg1 38. Rh3 Rd6 39. Rh1 Bc5 40. Rf1
Rd7 41. Rf3 Be7 42. Rh3 Kh6 43. Rf3 Rd6 44. h5 Kg5 45. Bf7 Rd7 46. Be6 Rd6 47.
Bf7 Rd8 48. Be6 Re8 49. Bf7 Rf8 50. Be6 Bc5 51. Kf1 Rb8 52. Rd3 Re8 53. Bd7 Re7
54. Bc8 Kf4 55. Rd8 Kxe4 56. hxg6 hxg6 57. Rg8 Rc7 58. Be6 Rc6 59. Bf7 g5 60.
Bg6+ Kf3 61. Bf5 Rd6 0-1

[Event "Novokuznetsk-ch"]
[Site "Novokuznetsk"]
[Date "2011.??.??"]
[Round "3"]
[White "Khramtsov, Anatoliy"]
[Black "Chernov, Mikhail"]
[Result "0-1"]
[WhiteElo "2303"]
[BlackElo "2141"]
[PlyCount "80"]
[EventDate "2011.11.19"]
[EventType "swiss"]
[EventRounds "9"]
[EventCountry "RUS"]
[SourceTitle "OM OTB B 201907"]
[Source "Opening Master"]
[SourceDate "2019.07.06"]
[SourceVersion "2"]
[SourceVersionDate "2019.07.06"]
[SourceQuality "1"]

1. e4 c5 2. Nf3 Nc6 3. d4 cxd4 4. Nxd4 Nf6 5. Nc3 d6 6. Be2 e5 7. Nb3 Be7 8.
O-O O-O 9. f4 Qb6+ 10. Kh1 exf4 11. Bxf4 Be6 12. Qd3 Ne5 13. Qg3 Ng6 14. Be3
Qc7 15. Rad1 a6 16. Nd4 b5 17. a3 Ne5 18. Nf5 Bxf5 19. exf5 Kh8 20. Bg5 Rac8
21. Rd4 Qc5 22. Rh4 Ned7 23. Bd3 d5 24. Qh3 Kg8 25. Be3 Qc6 26. Bd4 h6 27. Rxh6
gxh6 28. Qxh6 Rfe8 29. Rf3 Bd6 30. Rh3 Re1+ 31. Bg1 Nh5 32. Qxh5 Be5 33. f6
Qxf6 34. Qg4+ Kf8 35. Qxd7 Rxg1+ 36. Kxg1 Bd4+ 37. Kh1 Re8 38. Rh8+ Qxh8 39.
Qd6+ Kg8 40. g3 Qh3 0-1

[Event "Novokuznetsk-ch"]
[Site "Novokuznetsk"]
[Date "2011.??.??"]
[Round "3"]
[White "Morokov, Anatoliy"]
[Black "Fayzullin, Ruslan"]
[Result "0-1"]
[WhiteElo "1773"]
[BlackElo "1999"]
[PlyCount "72"]
[EventDate "2011.11.19"]
[EventType "swiss"]
[EventRounds "9"]
[EventCountry "RUS"]
[SourceTitle "OM OTB B 201907"]
[Source "Opening Master"]
[SourceDate "2019.07.06"]
[SourceVersion "2"]
[SourceVersionDate "2019.07.06"]
[SourceQuality "1"]

1. e4 c5 2. Nf3 Nc6 3. d4 cxd4 4. Nxd4 Nf6 5. Nc3 d6 6. Be2 e5 7. Ndb5 a6 8.
Na3 b5 9. Nd5 Be7 10. f3 Nxd5 11. Qxd5 Qc7 12. Be3 Be6 13. Qd2 Rd8 14. O-O d5
15. exd5 Bxd5 16. Nxb5 axb5 17. Bxb5 O-O 18. Qf2 Nd4 19. Bd3 Ra8 20. b3 Ra3 21.
c4 Bb7 22. f4 Nc6 23. Rae1 Nb4 24. Bb1 e4 25. Bc1 Bc5 26. Be3 Bxe3 27. Rxe3 f5
28. Rg3 Rfa8 29. c5 Nxa2 30. Bxa2 Rxa2 31. Qd4 Rd8 32. Qe5 Qxe5 33. fxe5 Rd5
34. Rxf5 Rxc5 35. h4 e3 36. Rxe3 Rc1+ 0-1

[Event "POL-chT U20"]
[Site "Ustron"]
[Date "2011.??.??"]
[Round "2.23"]
[White "Chrzaszcz, Malvina"]
[Black "Gluszko, Monika"]
[Result "1-0"]
[WhiteElo "2046"]
[BlackElo "2040"]
[PlyCount "85"]
[EventDate "2011.06.24"]
[EventType "team-tourn"]
[EventRounds "9"]
[EventCountry "POL"]
[SourceTitle "OM OTB B 201907"]
[Source "Opening Master"]
[SourceDate "2019.07.06"]
[SourceVersion "2"]
[SourceVersionDate "2019.07.06"]
[SourceQuality "1"]

1. e4 c5 2. Nf3 Nc6 3. d4 cxd4 4. Nxd4 Nf6 5. Nc3 d6 6. Be2 e5 7. Nf3 h6 8. O-O
Be7 9. Re1 O-O 10. h3 a6 11. Bf1 Be6 12. Nd5 Bxd5 13. exd5 Nb8 14. c4 Nbd7 15.
Be3 a5 16. b3 Nh7 17. a3 f5 18. b4 b6 19. Rc1 axb4 20. axb4 Ng5 21. Bxg5 Bxg5
22. Nxg5 Qxg5 23. Rc3 Ra2 24. Qb3 Rfa8 25. Rg3 Qf6 26. c5 f4 27. Rc3 Qh4 28.
Rc2 R2a3 29. Qb2 bxc5 30. Bb5 Nf6 31. bxc5 f3 32. cxd6 fxg2 33. Rc8+ Kh7 34.
Qc2+ e4 35. Bd7 Qf4 36. Rxa8 Rxa8 37. Be6 Qe5 38. d7 Qd6 39. Qc6 Qa3 40. Bf5+
Kh8 41. Qc8+ Qf8 42. Rc1 g6 43. Qxa8 1-0

[Event "Polanica Zdroj op-A 47th"]
[Site "Polanica Zdroj"]
[Date "2011.??.??"]
[Round "2"]
[White "Chrzaszcz, Malvina"]
[Black "Furman, Boris"]
[Result "1/2-1/2"]
[WhiteElo "2052"]
[BlackElo "2253"]
[PlyCount "91"]
[EventDate "2011.08.19"]
[EventType "swiss"]
[EventRounds "9"]
[EventCountry "POL"]
[SourceTitle "OM OTB B 201907"]
[Source "Opening Master"]
[SourceDate "2019.07.06"]
[SourceVersion "2"]
[SourceVersionDate "2019.07.06"]
[SourceQuality "1"]

1. e4 c5 2. Nf3 Nc6 3. d4 cxd4 4. Nxd4 Nf6 5. Nc3 d6 6. Be2 e5 7. Nf3 h6 8. O-O
Be7 9. Re1 O-O 10. h3 Be6 11. Bf1 Qd7 12. Nd5 Nh7 13. c4 Bg5 14. Nxg5 hxg5 15.
Qh5 g4 16. hxg4 Bxg4 17. Qh4 f6 18. Be3 g5 19. Qh6 Ne7 20. c5 Nxd5 21. Bc4 Be6
22. exd5 Bf5 23. b4 Rfc8 24. Rac1 a5 25. c6 Qc7 26. b5 b6 27. f3 Kf7 28. Kf2
Rh8 29. Rh1 Rag8 30. Qh2 Nf8 31. Qg1 g4 32. Rxh8 Rxh8 33. Ke1 gxf3 34. Bxb6 Qe7
35. gxf3 e4 36. f4 Ng6 37. Be3 Nh4 38. Be2 Nf3+ 39. Bxf3 exf3 40. Kf2 Rg8 41.
Qxg8+ Kxg8 42. b6 Qh7 43. Rg1+ Kf7 44. b7 Be4 45. Kg3 Qg6+ 46. Kh4 1/2-1/2

[Event "GER Cup18 Gr37"]
[Site "BdF server"]
[Date "2011.??.??"]
[Round "?"]
[White "Bliss, Helmut"]
[Black "Mirbach, Thomas"]
[Result "0-1"]
[WhiteElo "1902"]
[BlackElo "2055"]
[PlyCount "62"]
[EventDate "2011.??.??"]
[EventType "tourn (corr)"]
[EventRounds "6"]
[EventCountry "GER"]
[SourceTitle "UltraCorr previous"]
[Source "Tim Harding"]
[SourceDate "2019.01.10"]
[SourceVersion "2"]
[SourceVersionDate "2019.01.10"]
[SourceQuality "1"]

1. e4 c5 2. Nf3 Nc6 3. d4 cxd4 4. Nxd4 Nf6 5. Nc3 d6 6. Be2 e5 7. Ndb5 a6 8.
Na3 b5 9. Nab1 b4 10. Nd5 Nxe4 11. Bf3 f5 12. Nd2 Nxd2 13. Nf6+ Kf7 14. Bxc6
Be6 15. Bxd2 Rc8 16. Bb7 Rb8 17. Bxa6 Qxf6 18. O-O d5 19. Re1 Bd6 20. Qh5+ g6
21. Qf3 e4 22. Qb3 d4 23. Bc4 Rhc8 24. Bxe6+ Qxe6 25. Qh3 h5 26. Rec1 Rb7 27.
Qb3 Rbc7 28. Qa4 f4 29. Bxb4 Rc4 30. a3 f3 31. h3 e3 0-1

[Event "Cherkessk (rapid)"]
[Site "Cherkessk"]
[Date "2011.??.??"]
[Round "?"]
[White "Fazulyanov, Sergey"]
[Black "Kryakvin, Dmitry"]
[Result "1/2-1/2"]
[WhiteElo "2350"]
[BlackElo "2566"]
[PlyCount "64"]
[EventDate "2011.??.??"]
[EventCountry "RUS"]
[SourceTitle "OM OTB B 201907"]
[Source "Opening Master"]
[SourceDate "2019.07.06"]
[SourceVersion "2"]
[SourceVersionDate "2019.07.06"]
[SourceQuality "1"]

1. e4 c5 2. Nf3 Nc6 3. d4 cxd4 4. Nxd4 Nf6 5. Nc3 d6 6. Be2 e5 7. Nb3 Be7 8.
O-O O-O 9. Bf3 a5 10. Re1 a4 11. Nd2 Be6 12. Nf1 a3 13. b3 Nd4 14. Be3 Nxf3+
15. Qxf3 Rc8 16. Bg5 Rc5 17. Qd3 d5 18. exd5 Nxd5 19. Bxe7 Nxe7 20. Qxd8 Rxd8
21. Nb1 Nf5 22. Nxa3 Nd4 23. c3 Rxc3 24. Rxe5 Ra8 25. Nb5 Nxb5 26. Rxb5 Ra7 27.
Rb1 Rxa2 28. Rxb7 g6 29. Ne3 Rd3 30. Nc4 Rc3 31. Ne3 Rd3 32. Nc4 Rc3 1/2-1/2

[Event "Munich Cup"]
[Site "Munich"]
[Date "2011.??.??"]
[Round "?"]
[White "Wood, Christopher Baruch"]
[Black "Miskevicer, Boris"]
[Result "0-1"]
[WhiteElo "2253"]
[BlackElo "2216"]
[PlyCount "124"]
[EventDate "2011.??.??"]
[EventCountry "GER"]
[SourceTitle "OM OTB B 201907"]
[Source "Opening Master"]
[SourceDate "2019.07.06"]
[SourceVersion "2"]
[SourceVersionDate "2019.07.06"]
[SourceQuality "1"]

1. e4 c5 2. Nf3 Nc6 3. d4 cxd4 4. Nxd4 Nf6 5. Nc3 d6 6. Be2 e5 7. Nf3 Be7 8. h3
h6 9. Be3 Be6 10. Qd2 a6 11. Rd1 b5 12. a3 O-O 13. g4 Nh7 14. Nd5 Bxd5 15. exd5
Na5 16. b3 Nb7 17. b4 Rc8 18. Bd3 Ng5 19. Nxg5 Bxg5 20. h4 Bxe3 21. Qxe3 e4 22.
Bxe4 Re8 23. Rd2 g6 24. Re2 Qf6 25. Rh3 Qa1+ 26. Kd2 Rc4 27. Qf3 Qd4+ 28. Bd3
Rec8 29. Re7 Rxc2+ 30. Ke1 Qa1+ 31. Qd1 Qc3+ 32. Kf1 Rc1 33. Qxc1 Qxc1+ 34. Kg2
Rc7 35. Re8+ Kg7 36. Rf3 Qb2 37. h5 Qd4 38. hxg6 fxg6 39. g5 Qxd5 40. gxh6+
Kxh6 41. Be4 Qd4 42. Re6 Kh7 43. Bxg6+ Kg8 44. Rg3 a5 45. Bh5+ Kh8 46. Re8+ Kh7
47. Bf3 d5 48. Reg8 Rc2 49. Kh3 axb4 50. axb4 Rc6 51. Kg2 Re6 52. R8g5 Rd6 53.
Rh3+ Rh6 54. Rxd5 Qg7+ 55. Rg3 Qe7 56. Rxb5 Nd6 57. Rbg5 Qf6 58. Be2 Ne4 59.
Rg7+ Qxg7 60. Bd3 Qd4 61. Re3 Rg6+ 62. Kf1 Re6 0-1

[Event "Rilton Cup 40th"]
[Site "Stockholm"]
[Date "2010.12.30"]
[Round "4"]
[White "Azizi, Haroon"]
[Black "Bazeev, German"]
[Result "1-0"]
[WhiteElo "2140"]
[BlackElo "2334"]
[PlyCount "90"]
[EventDate "2010.12.27"]
[EventType "swiss"]
[EventRounds "9"]
[EventCountry "SWE"]
[SourceTitle "OM OTB B 201907"]
[Source "Opening Master"]
[SourceDate "2019.07.06"]
[SourceVersion "2"]
[SourceVersionDate "2019.07.06"]
[SourceQuality "1"]

1. e4 c5 2. Nf3 Nc6 3. d4 cxd4 4. Nxd4 Nf6 5. Nc3 d6 6. Be2 e5 7. Nb3 Be7 8.
Be3 O-O 9. O-O a5 10. a4 Nb4 11. Bf3 b6 12. Bg5 Be6 13. Re1 Rc8 14. Nd2 h6 15.
Bh4 Qd7 16. Nf1 g5 17. Bg3 Rc4 18. Ne3 Rd4 19. Qb1 Rc8 20. h3 h5 21. Be2 h4 22.
Bh2 g4 23. hxg4 Nxg4 24. Ncd5 Nxe3 25. Nxe3 Nxc2 26. Nxc2 Rd2 27. Ne3 Bg5 28.
Nf1 Rd4 29. Bb5 Qe7 30. Ra3 Bg4 31. Rc3 Rc5 32. Qc2 Qb7 33. f3 Be6 34. Kh1 f6
35. Bg1 h3 36. Bxd4 exd4 37. Rxc5 bxc5 38. Bc4 Qd7 39. Bxe6+ Qxe6 40. b3 Kf8
41. Qc4 Qe5 42. g3 Bh6 43. Qd5 Qe7 44. Qh5 Kg7 45. Kh2 Qb7 1-0

[Event "Zwijndrecht op"]
[Site "Zwijndrecht"]
[Date "2010.12.27"]
[Round "4"]
[White "De Jonghe, Bruno"]
[Black "Nieto, Emanuel"]
[Result "1/2-1/2"]
[WhiteElo "2231"]
[BlackElo "2272"]
[PlyCount "82"]
[EventDate "2010.12.26"]
[EventType "swiss"]
[EventRounds "9"]
[EventCountry "BEL"]
[SourceTitle "OM OTB B 201907"]
[Source "Opening Master"]
[SourceDate "2019.07.06"]
[SourceVersion "2"]
[SourceVersionDate "2019.07.06"]
[SourceQuality "1"]

1. e4 c5 2. Nf3 Nc6 3. d4 cxd4 4. Nxd4 Nf6 5. Nc3 d6 6. Be2 e5 7. Nb3 h6 8. Be3
Be7 9. O-O O-O 10. Bf3 a5 11. h3 a4 12. Nd2 a3 13. bxa3 Qa5 14. Nd5 Nxd5 15.
exd5 Nd4 16. Bxd4 exd4 17. Nb3 Qxa3 18. Nxd4 Bf6 19. Rb1 Qxa2 20. Qd3 g6 21.
Nb5 Be5 22. c4 Qa5 23. Rbc1 Qb6 24. Qd2 g5 25. Qd3 Qc5 26. Bd1 Bd7 27. Bc2 f5
28. g3 Rae8 29. Kg2 Re7 30. f4 Bf6 31. Rce1 Rfe8 32. Rxe7 Rxe7 33. Bb1 Rg7 34.
fxg5 Rxg5 35. h4 Rg7 36. Rxf5 Bxf5 37. Qxf5 Bxh4 38. Qe6+ Kf8 39. Bg6 Be7 40.
Qf5+ Kg8 41. Qe6+ Kf8 1/2-1/2